000 01636nam a2200253Ia 4500
999 _c52643
_d52643
001 19667
003 GE_BSU
005 20200316223525.0
008 181216s2017||||ge |||||||||||||| ||geo||
040 _cGE_BSU
041 _ageo
080 _a27+341 რ-90
245 _aგაეროს, ევროსაბჭოს, ეუთოს, ვენეციის კომისიისა და ოსლოს კოალიციის დოკუმენტების შესახებ :
_bრელიგიისა და რწმენის თავისუფლების შესახებ წ. 3 /
_cრედ. ზაზა ვაშაყმაძე ; მთარგმნელი : ტარიელ დავითაშვილი, აჩილ გორხელაშვილირ, დავით დავითაშვილი.
264 _aთბილისი :
_bრელიგიის საკითხთა სახელმწიფო სააგენტო,
_c2015.
300 _a215 გვ. ;
_c22 სმ.
490 _aრელიგია და სამართალი
653 _aრელიგია
653 _aსამართალი
700 _aვაშაყმაძე, ზაზა
_eმთავარი რედაქტორი
_97752
700 _aლომია, მერი
_eრედაქტორი
_959
700 _aვაშაყმაძე, ზაზა
_eმთარგმნელი
_97752
700 _aმეტრეველ, არჩილი
_eმთარგმნელი
_97753
942 _cBK
_2udc